| 000 | 00721nam a22002177a 4500 | ||
|---|---|---|---|
| 999 |
_c10822 _d10822 |
||
| 005 | 20251125232828.0 | ||
| 008 | s2544 th tha d | ||
| 020 | _a9747088895 | ||
| 040 | _aNALT | ||
| 041 | _atha | ||
| 050 | _aDS578.32 ส192ต 2544 | ||
| 100 | 0 | _aสนธิ ลิ้มทองกุล | |
| 245 | 1 | 0 | _aต้องแพ้เสียก่อนจึงจะชนะได้ |
| 260 | 3 |
_aกรุงเทพฯ : _bผู้จัดการ, _c2544 |
|
| 300 |
_a192 หน้า ; _b 21 ซม. |
||
| 650 | 0 | 4 | _aสนธิ ลิ้มทองกุล |
| 850 | _aNALT | ||
| 856 | 4 | 0 |
_uhttps://hdl.handle.net/20.500.14156/410569 _71 |
| 942 |
_cGB _2lcc |
||